| 000 | 00582nam a2200205 i 4500 | ||
|---|---|---|---|
| 001 | 81764 | ||
| 003 | ES-MaACL | ||
| 005 | 20230906174516.0 | ||
| 007 | t| | ||
| 008 | 041105s1986 xxk ||||1| eng d | ||
| 020 | _a0-586-05970-9 | ||
| 100 | 1 |
_aHuxley, Aldous, _d1894-1963 _964858 |
|
| 245 | 1 | 4 |
_aThe Gioconda smile and other stories / _cAldous Huxley. |
| 260 |
_aLondon : _bTriad, _c1986. |
||
| 300 |
_a365 p. ; _c18 cm. |
||
| 490 | 1 | _aTriad-Panther books | |
| 830 | 0 |
_aTriad-Panther books _9183642 |
|
| 852 |
_aES-MaACL _jL-10921 _bR.112743 |
||
| 999 |
_c81764 _d81764 |
||